00636nam a2200253Ia 4500008004100000050001100041050001400052100003200066245003300098245003400131260001800165260002200183260000900205300001600214300002000230300001000250500002000260650001400280650002400294650001100318650001700329650001700346999001900363170712s9999 xx 000 0 und d a793.31 bT649 1990 aTolentino, Francisca Reyes. aPhilippine National dances / cby Francisca Reyes Tolentino. aPhilippines : bKayumanggi Press, c1990 a371 pages : billustrations ; c22cm. aIncludes index. aDances -- aNational dances --  aTitle. xPhilippines. xPhilippines. c340291d340291